<?xml version="1.0" encoding="UTF-8"?>
<record
    xmlns:xsi="http://www.w3.org/2001/XMLSchema-instance"
    xsi:schemaLocation="http://www.loc.gov/MARC21/slim http://www.loc.gov/standards/marcxml/schema/MARC21slim.xsd"
    xmlns="http://www.loc.gov/MARC21/slim">

  <leader>01725cas a2200421 i 4500</leader>
  <controlfield tag="001">11481777</controlfield>
  <controlfield tag="005">20241003090007.0</controlfield>
  <controlfield tag="008">100324c2021    cauzr p       0    0eng c</controlfield>
  <datafield tag="010" ind1=" " ind2=" ">
    <subfield code="a">   97641552 </subfield>
  </datafield>
  <datafield tag="015" ind1=" " ind2=" ">
    <subfield code="a">GB9910980</subfield>
    <subfield code="2">bnb</subfield>
  </datafield>
  <datafield tag="016" ind1="7" ind2=" ">
    <subfield code="a">010490022</subfield>
    <subfield code="2">Uk</subfield>
  </datafield>
  <datafield tag="022" ind1="0" ind2=" ">
    <subfield code="a">1096-3480</subfield>
    <subfield code="l">1096-3480</subfield>
    <subfield code="2">1</subfield>
  </datafield>
  <datafield tag="040" ind1=" " ind2=" ">
    <subfield code="a">JNA</subfield>
    <subfield code="b">eng</subfield>
    <subfield code="c">CSPC</subfield>
  </datafield>
  <datafield tag="050" ind1="0" ind2="0">
    <subfield code="a">TX911.3.M27</subfield>
    <subfield code="b">H66</subfield>
  </datafield>
  <datafield tag="082" ind1="0" ind2="0">
    <subfield code="a">647/.94/711</subfield>
    <subfield code="2">19</subfield>
  </datafield>
  <datafield tag="210" ind1="0" ind2=" ">
    <subfield code="a">J. hosp. tour. res.</subfield>
  </datafield>
  <datafield tag="222" ind1=" " ind2="0">
    <subfield code="a">Journal of hospitality &amp; tourism research</subfield>
  </datafield>
  <datafield tag="245" ind1="1" ind2="0">
    <subfield code="a">Journal of hospitality &amp; tourism research.</subfield>
  </datafield>
  <datafield tag="246" ind1="3" ind2=" ">
    <subfield code="a">Journal of hospitality and tourism research</subfield>
  </datafield>
  <datafield tag="260" ind1=" " ind2=" ">
    <subfield code="a">Washington, D.C. :</subfield>
    <subfield code="b">The Council on Hotel, Restraurant, and Institutional Education,</subfield>
    <subfield code="c">2021-</subfield>
  </datafield>
  <datafield tag="300" ind1=" " ind2=" ">
    <subfield code="a">volumes :</subfield>
    <subfield code="b">illustrations ;</subfield>
    <subfield code="c">23 cm</subfield>
  </datafield>
  <datafield tag="310" ind1=" " ind2=" ">
    <subfield code="a">Eight times a year</subfield>
  </datafield>
  <datafield tag="336" ind1=" " ind2=" ">
    <subfield code="a">text</subfield>
    <subfield code="b">txt</subfield>
    <subfield code="2">rdacontent</subfield>
  </datafield>
  <datafield tag="337" ind1=" " ind2=" ">
    <subfield code="a">unmediated</subfield>
    <subfield code="b">n</subfield>
    <subfield code="2">rdamedia</subfield>
  </datafield>
  <datafield tag="338" ind1=" " ind2=" ">
    <subfield code="a">volume</subfield>
    <subfield code="b">nc</subfield>
    <subfield code="2">rdacarrier</subfield>
  </datafield>
  <datafield tag="490" ind1=" " ind2=" ">
    <subfield code="3">Printed Journal Collection</subfield>
  </datafield>
  <datafield tag="500" ind1=" " ind2=" ">
    <subfield code="a">Includes bibliographical references.</subfield>
  </datafield>
  <datafield tag="521" ind1=" " ind2=" ">
    <subfield code="a">
COLLEGE OF TOURISM, HOSPITALITY AND BUSINESS MANAGEMENT (CTHBM)
</subfield>
  </datafield>
  <datafield tag="650" ind1=" " ind2="0">
    <subfield code="a">Hotel management</subfield>
    <subfield code="x">Study and teaching</subfield>
    <subfield code="v">Periodicals.</subfield>
  </datafield>
  <datafield tag="650" ind1=" " ind2="0">
    <subfield code="a">Restaurant management</subfield>
    <subfield code="x">Study and teaching</subfield>
    <subfield code="v">Periodicals.</subfield>
  </datafield>
  <datafield tag="650" ind1=" " ind2="7">
    <subfield code="a">Hotel management</subfield>
    <subfield code="x">Study and teaching.</subfield>
    <subfield code="2">fast</subfield>
    <subfield code="0">(OCoLC)fst00961750</subfield>
  </datafield>
  <datafield tag="655" ind1=" " ind2="7">
    <subfield code="a">Periodicals.</subfield>
    <subfield code="2">fast</subfield>
    <subfield code="0">(OCoLC)fst01411641</subfield>
  </datafield>
  <datafield tag="710" ind1="2" ind2=" ">
    <subfield code="a">Journal of Hospitality and Tourism Resaech</subfield>
  </datafield>
  <datafield tag="776" ind1="0" ind2="8">
    <subfield code="i">Online version:</subfield>
    <subfield code="t">Journal of hospitality &amp; tourism research </subfield>
    <subfield code="x">1096-3480</subfield>
    <subfield code="w">(DLC)  2005215175</subfield>
    <subfield code="w">(OCoLC)60628390</subfield>
  </datafield>
  <datafield tag="780" ind1="0" ind2="0">
    <subfield code="t">Hospitality research journal</subfield>
    <subfield code="x">1060-9350</subfield>
    <subfield code="w">(DLC)   92640120</subfield>
    <subfield code="w">(OCoLC)22334764</subfield>
  </datafield>
  <datafield tag="942" ind1=" " ind2=" ">
    <subfield code="2">ddc</subfield>
    <subfield code="c">SERIALS</subfield>
    <subfield code="n">0</subfield>
  </datafield>
  <datafield tag="952" ind1=" " ind2=" ">
    <subfield code="0">0</subfield>
    <subfield code="1">0</subfield>
    <subfield code="2">ddc</subfield>
    <subfield code="4">0</subfield>
    <subfield code="7">1</subfield>
    <subfield code="a">CSPC</subfield>
    <subfield code="b">CSPC</subfield>
    <subfield code="c">SER</subfield>
    <subfield code="d">2024-10-03</subfield>
    <subfield code="h">November 2021 Volume 45, Number 8 </subfield>
    <subfield code="l">0</subfield>
    <subfield code="o">Ser TOUR 2 v.45 n.8 2021</subfield>
    <subfield code="p">00158S</subfield>
    <subfield code="r">2024-10-03 09:03:24</subfield>
    <subfield code="t">1-1</subfield>
    <subfield code="w">2024-10-03</subfield>
    <subfield code="y">SERIALS</subfield>
    <subfield code="z">Journal</subfield>
  </datafield>
  <datafield tag="952" ind1=" " ind2=" ">
    <subfield code="0">0</subfield>
    <subfield code="1">0</subfield>
    <subfield code="2">ddc</subfield>
    <subfield code="4">0</subfield>
    <subfield code="7">1</subfield>
    <subfield code="a">CSPC</subfield>
    <subfield code="b">CSPC</subfield>
    <subfield code="c">SER</subfield>
    <subfield code="d">2025-03-19</subfield>
    <subfield code="h">September 2021 Volume 45, Number 7</subfield>
    <subfield code="l">0</subfield>
    <subfield code="o">Ser TOUR 2 v.45 n.7 2021</subfield>
    <subfield code="p">00803S</subfield>
    <subfield code="r">2025-03-19 15:49:30</subfield>
    <subfield code="t">1-1</subfield>
    <subfield code="w">2025-03-19</subfield>
    <subfield code="y">SERIALS</subfield>
    <subfield code="z">Journal</subfield>
  </datafield>
  <datafield tag="952" ind1=" " ind2=" ">
    <subfield code="0">0</subfield>
    <subfield code="1">0</subfield>
    <subfield code="2">ddc</subfield>
    <subfield code="4">0</subfield>
    <subfield code="7">1</subfield>
    <subfield code="a">CSPC</subfield>
    <subfield code="b">CSPC</subfield>
    <subfield code="c">SER</subfield>
    <subfield code="d">2025-12-26</subfield>
    <subfield code="h">June 2021 Volume 45, Number 5</subfield>
    <subfield code="l">0</subfield>
    <subfield code="o">Ser TOUR 2 v.45 n.5 2021</subfield>
    <subfield code="p">01479S</subfield>
    <subfield code="r">2025-12-26 15:44:10</subfield>
    <subfield code="t">1-1</subfield>
    <subfield code="w">2025-12-26</subfield>
    <subfield code="y">SERIALS</subfield>
    <subfield code="z">Journal</subfield>
  </datafield>
  <datafield tag="952" ind1=" " ind2=" ">
    <subfield code="0">0</subfield>
    <subfield code="1">0</subfield>
    <subfield code="2">ddc</subfield>
    <subfield code="4">0</subfield>
    <subfield code="7">1</subfield>
    <subfield code="a">CSPC</subfield>
    <subfield code="b">CSPC</subfield>
    <subfield code="c">SER</subfield>
    <subfield code="d">2025-12-26</subfield>
    <subfield code="h">August 2021 Volume 45, Number 6</subfield>
    <subfield code="l">0</subfield>
    <subfield code="o">Ser TOUR 2 v.45 n.6 2021</subfield>
    <subfield code="p">01480S</subfield>
    <subfield code="r">2025-12-26 15:44:47</subfield>
    <subfield code="t">1-1</subfield>
    <subfield code="w">2025-12-26</subfield>
    <subfield code="y">SERIALS</subfield>
    <subfield code="z">Journal</subfield>
  </datafield>
  <datafield tag="999" ind1=" " ind2=" ">
    <subfield code="c">28265</subfield>
    <subfield code="d">28265</subfield>
  </datafield>
</record>
